Electronic Devices And Circuits (Record no. 12505)

MARC details
000 -LEADER
fixed length control field 00396nam a22001697a 4500
003 - CONTROL NUMBER IDENTIFIER
control field OSt
008 - FIXED-LENGTH DATA ELEMENTS--GENERAL INFORMATION
fixed length control field 240415b |||||||| |||| 00| 0 eng d
020 ## - INTERNATIONAL STANDARD BOOK NUMBER
International Standard Book Number 9789355322067
082 ## - DEWEY DECIMAL CLASSIFICATION NUMBER
Classification number 621.38 SAE
100 ## - MAIN ENTRY--PERSONAL NAME
Personal name SALIVAHANAN,S
245 ## - TITLE STATEMENT
Title Electronic Devices And Circuits
250 ## - EDITION STATEMENT
Edition statement 5th Ed
260 ## - PUBLICATION, DISTRIBUTION, ETC. (IMPRINT)
Place of publication, distribution, etc New Delhi
Name of publisher, distributor, etc TMH
Date of publication, distribution, etc 2023
300 ## - PHYSICAL DESCRIPTION
Extent MISC
700 ## - ADDED ENTRY--PERSONAL NAME
Personal name SURESH KUMAR,N
942 ## - ADDED ENTRY ELEMENTS (KOHA)
Source of classification or shelving scheme Dewey Decimal Classification
Koha item type Text Books
Holdings
Withdrawn status Lost status Source of classification or shelving scheme Damaged status Not for loan Collection code Home library Current library Date acquired Source of acquisition Currency Cost, normal purchase price Bill Number Total Checkouts Full call number Acc. no. / Barcode Date last seen Actual Cost, discounted price Bill Date Koha item type Date last borrowed
    Dewey Decimal Classification     B.Tech(ECE) PIET C-LIBRARY PIET C-LIBRARY 31/03/2024 Zafaa Books and Distributors In rupees 899.00 ZBD0488   621.38 SAE 36989 15/04/2024 611.31 31/03/2024 Reference Books  
    Dewey Decimal Classification     B.Tech(ECE) PIET C-LIBRARY PIET C-LIBRARY 31/03/2024 Zafaa Books and Distributors In rupees 899.00 ZBD0488 2 621.38 SAE 36990 12/12/2024 611.31 31/03/2024 Text Books 02/12/2024
    Dewey Decimal Classification     B.Tech(ECE) PIET C-LIBRARY PIET C-LIBRARY 31/03/2024 Zafaa Books and Distributors In rupees 899.00 ZBD0488 3 621.38 SAE 36991 24/02/2025 611.31 31/03/2024 Text Books 21/02/2025
    Dewey Decimal Classification     B.Tech(ECE) PIET C-LIBRARY PIET C-LIBRARY 31/03/2024 Zafaa Books and Distributors In rupees 899.00 ZBD0488 2 621.38 SAE 36992 03/02/2025 611.31 31/03/2024 Text Books 25/10/2024
    Dewey Decimal Classification     B.Tech(ECE) PIET C-LIBRARY PIET C-LIBRARY 31/03/2024 Zafaa Books and Distributors In rupees 899.00 ZBD0488 4 621.38 SAE 36993 19/12/2024 611.31 31/03/2024 Text Books 30/11/2024
    Dewey Decimal Classification     B.Tech(ECE) PIET C-LIBRARY PIET C-LIBRARY 27/03/2024 Zafaa Books and Distributors In rupees 899.00 ZBD0473 1 621.38 SAE 36584 19/12/2024 611.32 27/03/2024 Text Books 30/11/2024
    Dewey Decimal Classification     B.Tech(ECE) PIET C-LIBRARY PIET C-LIBRARY 27/03/2024 Zafaa Books and Distributors In rupees 899.00 ZBD0473 1 621.38 SAE 36585 20/02/2025 611.32 27/03/2024 Text Books 21/05/2024
    Dewey Decimal Classification     B.Tech(ECE) PIET C-LIBRARY PIET C-LIBRARY 27/03/2024 Zafaa Books and Distributors In rupees 899.00 ZBD0473 1 621.38 SAE 36586 08/01/2026 611.32 27/03/2024 Text Books 22/09/2025

Design & Developed by: PIET Central Library
R70 Miles Stone Pattikalyana Samalkha Panipat 132102
mail ID :- [email protected], Phone No:- 0180-2569700 Ex.216